000 00634nam a22002177a 4500
003 UA-OsUOA
001 110032
007 ta
008 20150217b un ||||| |||| 00| 0 ukr d
100 _aПопова О.Л.
090 _a330(477)
_bП58
942 _cSA
040 _aUA-OsUOA
_bukr
_cUA-OsUOA
_dUA-OsUOA
245 _aОснови гармонізації аграрного і сільського розвитку в учасній аграрній політиці
300 _aС.32-44
955 _a0
041 _aukr
080 _a330(477)
773 0 _w110030
650 7 _a330 Економіка взагалі
_2UDC
999 _c395971
_d395971